000 00685nam a2200289Ia 4500
005 20260324113730.0
008 008 260324s9999 xx 000 0 eng d
020 _a9781003336464
037 _aEBOOK
040 _aCRL
040 _beng
040 _cCRL
041 _2eng
041 _aeng
084 _qCRL
100 _aDaniel Feierstein
_91147947
245 0 _aMemories and Representations of Terror
245 0 _bWorking Through Genocide
260 _bTaylor and Francis
260 _c2023
365 _a
365 _b230
856 _uhttp://www.taylorfrancis.com/books/9781003336464
942 _cEBOOK
999 _c1737755
_d1737755